000 00868nam a22001935i 4500
001 161904
003 ES-MaACL
005 20230906212400.0
008 041028s1875 sp |||| | spa d
040 _aCAM
_bspa
_cCAM
100 1 _aPérez Pujol, Eduardo.
_991101
245 1 0 _aDiscurso leído en la sesion inaugural del Ateneo de Valencia el día 5 de Noviembre de 1875 /
_cpor Eduardo Perez Pujol.
260 _aValencia :
_b[s.n.],
_c1875 (
_fImprenta de Ramón Ortega)
300 _a26 p. ;
_c26 cm.
500 _aTema del discurso: La sociología y la formula del derecho.
610 2 _aAteneo Científico-Literario de Valencia.
_9170945
852 _aES-MaACL
_jT-178-F-1
_z-- Enc. hol.
_q-- Falto de la cub. original
_z-- Enc. en un vol. ficticio
852 _aES-MaACL
_jT-177-F-5
_z-- Enc. hol.
_q-- Falto de la cub. original
_z-- Enc. en un vol. facticio
999 _c161904
_d161904